Statistics for The 20 most expensive movies of all time

Click here to take the quiz!

General Stats

  • This quiz has been taken 25 times
  • The average score is 6 of 20

Answer Stats

PlaceYearAdjusted Amount(millions)Movie% Correct
61997$319Titanic
90%
142009$282Avatar
90%
42019$356Avengers: Endgame
60%
52018$322Avengers: Infinity War
60%
22015$394Avengers: Age of Ultron
50%
82017$313Justice League
30%
12011$430Pirates of the Caribbean: On Stranger Tides
25%
132006$285Pirates of the Caribbean: Dead Man's Chest
25%
192017$273Star Wars: The Last Jedi
25%
72007$318Spider-Man 3
25%
121995$289Waterworld
25%
172015$279Star Wars: The Force Awakens
20%
112012$294John Carter
20%
32007$370Pirates of the Caribbean: At World's End
20%
152016$280Batman v Superman: Dawn of Justice
15%
92010$305Tangled
15%
182019$275Star Wars: The Rise of Skywalker
15%
102009$298Harry Potter and the Half-Blood Prince
10%
162018$280Solo: A Star Wars Story
10%
202005$271King Kong
10%

Score Distribution

Percentile by Number Answered

Percent of People with Each Score

Your Score History

You have not taken this quiz